01797nam a2200421 i 450000100060000000300080000600500170001400600190003100700150005000800410006502000180010602000280012403500220015204000310017405000250020508000170023008000290024708200120027610000390028824501390032726401250046630000410059133600310063233700330066333800430069649000400073950400390077958800830081859001620090165000320106365000570109565000660115265000320121865500270125079700180127785600630129599900170135832629FINmELB20241216220746.0m o u cr cn|||||||||201005s2014 mx ob 000 0 spa d z9786078348268 a9781512975512q(e-book) a(OCoLC)1199302450 aFINmELBbspaerdacFINmELB14aPQ7082.N7bV473 2014 a165.42(0:82) a821.134.2(7/8)-31.09"19"04a8632231 aVerduzco Garza, Raúl C.,eautor.10aMemoria y resistencia :brepresentaciones de la subjetividad en la novela latinoamericana de fin de siglo /cRaúl C. Verduzco Garza. 1aNuevo León :bInstituto Tecnológico de Estudios Superiores de Monterrey ;aMéxico, D.F. :bBonilla Artigas,c2014. a1 recurso en línea (345 páginas) atextobtxt2rdacontent/spa acomputadorabc2rdamedia/spa arecurso en líneabcr2rdacarrier/spa0 aMemoria, literatura y discurso ;v1 aBibliografía: páginas 333-345. aDescripción basada en metadatos suministrados por el editor y otras fuentes. aRecurso electrónico. Santa Fe, Arg.: elibro, 2020. Disponible vía World Wide Web. El acceso puede estar limitado para las bibliotecas afiliadas a elibro. 4aPunto de vista (Literatura) 4aNovela hispanoamericanayS.XXxHistoria y crítica. 0aSpanish American fictiony0th centuryxHistory and criticism. 0aSubjectivity in literature. 4aLibros electrónicos.2 aelibro, Corp.40uhttps://elibro.net/ereader/politecnicointernacional/121377 c32629d32629